Statistics for Geography Ending in K, Starting with A-Z

Click here to take the quiz!

General Stats

  • This quiz has been taken 632 times
  • The average score is 15 of 25

Answer Stats

LetterClueAnswer% Correct
BThailand’s capitalBangkok
99%
DScandinavian country comprising the Jutland PeninsulaDenmark
98%
RCapital city of IcelandReykjavik
94%
MCapital and the largest city of BelarusMinsk
93%
GOfficial language of CyprusGreek
91%
TThe name given for a native or inhabitant of this Eurasian countryTurk
87%
CSecond largest city in IrelandCork
85%
NState in the northeastern U.SNew York
84%
YWalled city in northeast England that was founded by the ancient RomansYork
83%
ENational Animal of SwedenElk
80%
JFirst 4 letters of Florida's largest cityJack(sonville)
79%
WThe capital of NamibiaWindhoek
75%
ICapital of Tyrol and the fifth-largest city in AustriaInnsbruck
72%
VMajor Pacific port city in Russia overlooking Golden Horn BayVladivostok
65%
LCapital and most populous city of the U.S. state of ArkansasLittle Rock
62%
SCeremonial county of England in East AngliaSuffolk
56%
HAbbreviation for the city and special administrative region of China on the eastern Pearl River.HK (Hong Kong)
54%
UFormerly known as Turki or Western Turki, is a Turkic languageUzbek
41%
OCity on the Irtysh River in the vast Russian region of SiberiaOmsk
37%
PThis county is located in the central portion of the U.S. state of Florida containing LakelandPolk
13%
KCity on the Yenisei River in Siberia, RussiaKrasnoyarsk
12%
ZIs a city and the capital of Zonguldak Province in the Black Sea region of TurkeyZonguldak
12%
ACapital of Markazi Province, IranArak
6%
FCity in the Moravian-Silesian Region of the Czech RepublicFrýdek-Místek
4%
QCity and capital of its County, in Tehran Province, IranQarchak
3%

Score Distribution

Percentile by Number Answered

Percent of People with Each Score

Your Score History

You have not taken this quiz